Les jeux vidéos les plus joués au monde - Statistiques

Statistiques générales
  • Ce quiz a été pris 210 fois
  • Le résultat moyen est 3 sur 10
Statistiques - réponses
Réponse % Correct
Minecraft
82%
Fortnite
81%
Roblox
41%
Rocket League
29%
GTA V
27%
Fall Guys
10%
FIFA 22
8%
Apex Legends
4%
Call Of Duty : Warzone
4%
Call Of Duty : Modern Warfare II
1%
Aucun quiz correspondant
Distribution des résultats
% des personnes avec chaque résultat
Percentile par nombre de réponses
Votre historique - résultats
Vous n’avez pas pris ce quiz